000
002220000a22000970004500
100
1
_a
Buitrago, Alejandra
245
1
0
_a
El secuestro
300
_a
Vol. 12, Núm 12 (1993), Páginas 14-17
773
0
_t
Cambio 16
942
_c
ANA
999
_c
58478
_d
58478